书目信息 |
| 题名: |
创业者不可不知的法律常识
|
|
| 作者: | 易达 著 | |
| 分册: | ||
| 出版信息: | 北京 北京理工大学出版社 2013 |
|
| 页数: | 10,351页 | |
| 开本: | 24cm | |
| 丛书名: | ||
| 单 册: | ||
| 中图分类: | D922.291.914 | |
| 科图分类: | ||
| 主题词: | 企业法--基本知识--中国 , 企业法 | |
| 电子资源: | ||
| ISBN: | 978-7-5640-7697-9 | |
| 000 | 01008nam0 2200265 450 | |
| 001 | 523 | |
| 005 | 20140908081658.53 | |
| 010 | @a978-7-5640-7697-9@dCNY39.80 | |
| 100 | @a20130827d2013 em y0chiy50 ea | |
| 101 | 0 | @achi |
| 102 | @aCN@b110000 | |
| 105 | @ay z 000yy | |
| 106 | @ar | |
| 200 | 1 | @a创业者不可不知的法律常识@AChuang Ye Zhe Bu Ke Bu Zhi De Fa Lu^ Chang Shi@dMore lawful more powerful@f易达著@FYi Da Zhu@zeng |
| 210 | @a北京@c北京理工大学出版社@d2013 | |
| 215 | @a10,351页@d24cm | |
| 300 | @a企业必备法律红宝书 | |
| 330 | @a本书通过案例与企业法律知识相结合的论述方式,把每一个法律知识点分成了四大板块,分别是:案例详情、案例分析、案例启示、法律链接。具体内容涉及:企业的组建法则、企业的基本权利、企业与劳动者、企业的广告宣传等。 | |
| 510 | 1 | @aMore lawful more powerful@zeng |
| 606 | 0 | @a企业法@x基本知识@y中国 |
| 606 | 0 | @a企业法 |
| 690 | @aD922.291.914@v5 | |
| 701 | 0 | @a易达@AYi Da@f(1970~)@4著 |
| 801 | 0 | @aCN@bTANGWEI@c20140603 |
| 905 | @b0839134-36@dD922.291.914@e1120@f3 | |
| 创业者不可不知的法律常识=More lawful more powerful/易达著.-北京:北京理工大学出版社,2013 |
| 10,351页;24cm |
| 企业必备法律红宝书 |
| ISBN 978-7-5640-7697-9:CNY39.80 |
| 本书通过案例与企业法律知识相结合的论述方式,把每一个法律知识点分成了四大板块,分别是:案例详情、案例分析、案例启示、法律链接。具体内容涉及:企业的组建法则、企业的基本权利、企业与劳动者、企业的广告宣传等。 |
| ● |
| 相关链接 |
|
|
|
|
正题名:创业者不可不知的法律常识
索取号:D922.291.914/1120
 
预约/预借
| 序号 | 登录号 | 条形码 | 馆藏地/架位号 | 状态 | 备注 |
| 1 | 0839134 | 208391346 | 第一样本阅览室/ [索取号:D922.291.914/1120] | 在馆 | |
| 2 | 0839135 | 208391355 | 密集书库-史法系/ [索取号:D922.291.914/1120] | 在馆 | |
| 3 | 0839136 | 208391364 | 第一借阅区/ [索取号:D922.291.914/1120] | 在馆 |